<?xml version="1.0" encoding="UTF-8"?><?xml-stylesheet type="text/xsl" href="static/style.xsl"?><OAI-PMH xmlns="http://www.openarchives.org/OAI/2.0/" xmlns:xsi="http://www.w3.org/2001/XMLSchema-instance" xsi:schemaLocation="http://www.openarchives.org/OAI/2.0/ http://www.openarchives.org/OAI/2.0/OAI-PMH.xsd"><responseDate>2026-04-17T02:41:09Z</responseDate><request verb="GetRecord" identifier="oai:www.recercat.cat:2445/194307" metadataPrefix="marc">https://recercat.cat/oai/request</request><GetRecord><record><header><identifier>oai:recercat.cat:2445/194307</identifier><datestamp>2025-12-05T09:44:02Z</datestamp><setSpec>com_2072_1057</setSpec><setSpec>col_2072_478778</setSpec><setSpec>col_2072_478909</setSpec><setSpec>col_2072_478917</setSpec></header><metadata><record xmlns="http://www.loc.gov/MARC21/slim" xmlns:dcterms="http://purl.org/dc/terms/" xmlns:xsi="http://www.w3.org/2001/XMLSchema-instance" xmlns:doc="http://www.lyncode.com/xoai" xsi:schemaLocation="http://www.loc.gov/MARC21/slim http://www.loc.gov/standards/marcxml/schema/MARC21slim.xsd">
   <leader>00925njm 22002777a 4500</leader>
   <datafield ind2=" " ind1=" " tag="042">
      <subfield code="a">dc</subfield>
   </datafield>
   <datafield ind2=" " ind1=" " tag="720">
      <subfield code="a">Isaia, Marco</subfield>
      <subfield code="e">author</subfield>
   </datafield>
   <datafield ind2=" " ind1=" " tag="720">
      <subfield code="a">Arnedo Lombarte, Miquel Àngel</subfield>
      <subfield code="e">author</subfield>
   </datafield>
   <datafield ind2=" " ind1=" " tag="720">
      <subfield code="a">Mammola, Stefano</subfield>
      <subfield code="e">author</subfield>
   </datafield>
   <datafield ind2=" " ind1=" " tag="260">
      <subfield code="c">2023-02-28T09:06:07Z</subfield>
   </datafield>
   <datafield ind2=" " ind1=" " tag="260">
      <subfield code="c">2023-02-28T09:06:07Z</subfield>
   </datafield>
   <datafield ind2=" " ind1=" " tag="260">
      <subfield code="c">2022-05-05</subfield>
   </datafield>
   <datafield ind2=" " ind1=" " tag="260">
      <subfield code="c">2023-02-28T09:06:07Z</subfield>
   </datafield>
   <datafield ind2=" " ind1=" " tag="520">
      <subfield code="a">The integration of multiple lines of evidence in the delimitation of taxa is becoming the gold standard in modern taxonomy and systematics. However, multi-layered taxonomy is still incipient when it comes to species description within a mega-diverse group of organisms (e.g. arthropods), especially those inhabiting secluded environments such as caves. This may represent a significant shortcoming, because species in subterranean habitats generally show deep convergence in their somatic traits, perplexing our ability to delimit species by traditional approaches. The genus Troglohyphantes Joseph, 1882 (Araneae: Linyphiidae) is presently known to include 129 species and 5 subspecies, all of which are primarily distributed in subterranean habitats of the European mountain ranges. Recent studies on Italian alpine species covered taxonomy and faunistic, biogeography and ecology. However, our knowledge about the actual species diversity of Troglohyphantes spiders is far from complete, and it is expected that significant levels of overlooked diversity might exist within the genus. In this work, we combined morphological data with target gene molecular data, functional trait analysis and thermal physiology to explore overlooked diversity in Troglohyphantes vignai auct., a species of subterranean spider in the Western Italian Alps with an apparently broader distribution than its congeners. Our approach proved effective in uncovering overlooked diversity and further supporting the split of T. vignai auct. into three distinct species whose distribution ranges how striking resemblances with that of other subterranean spiders. We here describe the new species and discuss their origins in light of their geographical vicariance, niche convergence, thermal ecology and divergence time.</subfield>
   </datafield>
   <datafield tag="653" ind2=" " ind1=" ">
      <subfield code="a">Aranyes</subfield>
   </datafield>
   <datafield tag="653" ind2=" " ind1=" ">
      <subfield code="a">Taxonomia zoològica</subfield>
   </datafield>
   <datafield tag="653" ind2=" " ind1=" ">
      <subfield code="a">Filogènia</subfield>
   </datafield>
   <datafield tag="653" ind2=" " ind1=" ">
      <subfield code="a">Espècies (Biologia)</subfield>
   </datafield>
   <datafield tag="653" ind2=" " ind1=" ">
      <subfield code="a">Spiders</subfield>
   </datafield>
   <datafield tag="653" ind2=" " ind1=" ">
      <subfield code="a">Zoological taxonomy</subfield>
   </datafield>
   <datafield tag="653" ind2=" " ind1=" ">
      <subfield code="a">Phylogeny</subfield>
   </datafield>
   <datafield tag="653" ind2=" " ind1=" ">
      <subfield code="a">Species</subfield>
   </datafield>
   <datafield ind2="0" ind1="0" tag="245">
      <subfield code="a">A multi-layered approach uncovers overlooked taxonomic and physiological diversity in Alpine subterranean spiders (Araneae: Linyphiidae: Troglohyphantes)</subfield>
   </datafield>
</record></metadata></record></GetRecord></OAI-PMH>